[Event "Samara Polugaevsky Memorial 7th"]
[Site "Samara"]
[Date "2017.07.15"]
[Round "8"]
[White "Dyachkova, Maria"]
[Black "Dugushov, Sergey Viktorovich"]
[Result "0-1"]
[WhiteElo "1913"]
[BlackElo "2133"]
[PlyCount "72"]
[EventDate "2017.07.08"]
[EventType "swiss"]
[EventRounds "9"]
[EventCountry "RUS"]
[SourceTitle "EXT 2018"]
[Source "ChessBase"]
[SourceDate "2017.10.13"]
[SourceVersion "1"]
[SourceVersionDate "2017.10.13"]
[SourceQuality "1"]

1. c4 e6 2. Nc3 d5 3. d4 c6 4. e3 Bd6 5. Nf3 Nd7 6. cxd5 exd5 7. Bd3 Ngf6 8. 0-0 0-0 9. a3 a5 10. Rb1 Re8 11. Qc2 h6 12. b4 Qe7 13. Qb3 b5 14. Nd2 Nb6 15. e4 axb4 16. axb4 dxe4 17. Ndxe4 Be6 18. Qc2 Nxe4 19. Bxe4 Bc4 20. Re1 Qc7 21. Be3 Bxh2+ 22. Kh1 Bd6 23. g3 Nd5 24. Nxd5 cxd5 25. Bh7+ Kh8 26. Bf5 Ra2 27. Rb2 Rxb2 28. Qxb2 g6 29. Bb1 Qd7 30. Kg2 Qg4 31. Qd2 h5 32. Rh1 Be2 33. Rh4 Qf3+ 34. Kg1 Bxg3 35. Rh3 Bxf2+ 36. Kh2 Bxe3 0-1

[Event "Samara Polugaevsky Memorial 7th"]
[Site "Samara"]
[Date "2017.07.09"]
[Round "2"]
[White "Dyachkova, Maria"]
[Black "Spiridonov, Evgeny"]
[Result "1/2-1/2"]
[WhiteElo "1913"]
[BlackElo "2146"]
[PlyCount "109"]
[EventDate "2017.07.08"]
[EventType "swiss"]
[EventRounds "9"]
[EventCountry "RUS"]
[SourceTitle "EXT 2018"]
[Source "ChessBase"]
[SourceDate "2017.10.13"]
[SourceVersion "1"]
[SourceVersionDate "2017.10.13"]
[SourceQuality "1"]

1. e4 e5 2. Nf3 Nc6 3. Bb5 a6 4. Ba4 Nf6 5. 0-0 Be7 6. Re1 b5 7. Bb3 d6 8. c3 0-0 9. d3 Na5 10. Bc2 c5 11. Nbd2 Re8 12. Nf1 Bf8 13. h3 h6 14. Ng3 g6 15. d4 cxd4 16. cxd4 Nc6 17. a4 b4 18. Be3 Rb8 19. Rc1 exd4 20. Nxd4 Nxd4 21. Bxd4 Bb7 22. Qd3 Nd7 23. Rcd1 Ne5 24. Qe2 Nc6 25. Be3 Qf6 26. Bd3 Ra8 27. Bc4 Bg7 28. Rd2 Qe7 29. Red1 Red8 30. Bd5 Rac8 31. f4 Kh7 32. Qd3 Rd7 33. Ne2 Nd8 34. Nd4 Bxd5 35. exd5 a5 36. f5 Qe5 37. fxg6+ fxg6 38. Nf3 Qe8 39. Re2 Qf7 40. Rf1 Qg8 41. Rfe1 Nb7 42. Nh4 Be5 43. Qd2 Qg7 44. Nf3 Bf6 45. Bd4 Nc5 46. Bxf6 Qxf6 47. Nd4 Rf7 48. Ne6 Nxa4 49. Nd4 Nc5 50. Re3 Qh4 51. Ne6 Nd7 52. Re4 Qe7 53. Nd4 Qf8 54. Re6 Nc5 55. R6e3 1/2-1/2

[Event "Satka Autumn op (Women)"]
[Site "Satka"]
[Date "2015.09.26"]
[Round "5"]
[White "Mamontova, Anastasia"]
[Black "Dyachkova, Maria"]
[Result "1-0"]
[WhiteElo "1970"]
[BlackElo "1807"]
[PlyCount "63"]
[EventDate "2015.09.22"]
[EventType "swiss"]
[EventRounds "9"]
[EventCountry "RUS"]
[SourceTitle "CBM 168 Extra"]
[Source "ChessBase"]
[SourceDate "2015.10.29"]
[SourceVersion "1"]
[SourceVersionDate "2015.10.29"]
[SourceQuality "1"]

1. d4 Nf6 2. c4 g6 3. Nc3 d5 4. cxd5 Nxd5 5. e4 Nxc3 6. bxc3 Bg7 7. Nf3 0-0 8. Be3 c5 9. Be2 Qc7 10. Rc1 Nd7 11. 0-0 b6 12. Nd2 Bb7 13. d5 f5 14. f4 Nf6 15. c4 fxe4 16. g4 Rad8 17. f5 Bc8 18. g5 Ne8 19. fxg6 Rxf1+ 20. Qxf1 hxg6 21. Nxe4 Be5 22. Qg2 Ng7 23. Bf2 Nf5 24. Bd3 Kg7 25. Re1 e6 26. Nf6 exd5 27. cxd5 Rh8 28. Ng4 Bf4 29. Bg3 Nxg3 30. Qb2+ Kg8 31. Re8+ Kf7 32. Qxh8 1-0

[Event "Satka Autumn op (Women)"]
[Site "Satka"]
[Date "2015.09.25"]
[Round "4"]
[White "Dyachkova, Maria"]
[Black "Nasybullina, Dayana"]
[Result "1-0"]
[WhiteElo "1807"]
[BlackElo "1544"]
[PlyCount "93"]
[EventDate "2015.09.22"]
[EventType "swiss"]
[EventRounds "9"]
[EventCountry "RUS"]
[SourceTitle "CBM 168 Extra"]
[Source "ChessBase"]
[SourceDate "2015.10.29"]
[SourceVersion "1"]
[SourceVersionDate "2015.10.29"]
[SourceQuality "1"]

1. e4 e6 2. d3 d5 3. Nd2 dxe4 4. dxe4 b6 5. Ngf3 a6 6. Bd3 Bb7 7. 0-0 Nd7 8. Nb3 Nc5 9. Nxc5 Bxc5 10. Qe2 Ne7 11. Rd1 0-0 12. Ng5 h6 13. e5 Qe8 14. Nh7 Qc6 15. Qg4 Ng6 16. Nxf8 Rxf8 17. Re1 Qd5 18. Qe4 Qxe4 19. Bxe4 Bxe4 20. Rxe4 f5 21. exf6 Rxf6 22. Be3 Bd6 23. Re1 e5 24. g3 Kf7 25. Bd2 a5 26. Bc3 Rf5 27. Kg2 h5 28. a3 Bc5 29. R1e2 Bd6 30. b4 axb4 31. axb4 h4 32. Be1 hxg3 33. hxg3 Ne7 34. Bc3 Ng6 35. Ba1 Kf8 36. Bc3 Kf7 37. b5 Kf8 38. Bb4 Rf6 39. Bxd6+ Rxd6 40. Rc4 Rd7 41. Re3 Rd5 42. Rxc7 Rxb5 43. Rd3 Kg8 44. Rdd7 Kh8 45. Rxg7 Nf8 46. Rgf7 Kg8 47. Rf6 1-0

[Event "Moscow op-B (Women)"]
[Site "Moscow"]
[Date "2015.02.08"]
[Round "9"]
[White "Ivanova, Karina"]
[Black "Dyachkova, Maria"]
[Result "1/2-1/2"]
[WhiteElo "2193"]
[BlackElo "1736"]
[PlyCount "99"]
[EventDate "2015.01.31"]
[EventType "swiss"]
[EventRounds "9"]
[EventCountry "RUS"]
[SourceTitle "CBM 164 Extra"]
[Source "ChessBase"]
[SourceDate "2015.03.02"]
[SourceVersion "1"]
[SourceVersionDate "2015.03.02"]
[SourceQuality "1"]

1. d4 Nf6 2. Nf3 g6 3. c4 Bg7 4. g3 0-0 5. Bg2 e6 6. 0-0 d5 7. Nc3 Re8 8. Ne5 c6 9. e4 Nxe4 10. Nxe4 dxe4 11. Bxe4 c5 12. Be3 Qb6 13. Qd2 cxd4 14. Bxd4 Qc7 15. Qc3 f6 16. Nd3 e5 17. Bd5+ Be6 18. Bxe6+ Rxe6 19. Be3 Nd7 20. Nb4 a5 21. Nd5 Qc6 22. Rac1 Nc5 23. Rfd1 Ne4 24. Qd3 f5 25. f3 Nc5 26. Bxc5 Qxc5+ 27. Kh1 e4 28. Qe2 Rae8 29. f4 Rd6 30. b3 Red8 31. a4 h6 32. Kg2 Kf7 33. Qf2 Qc8 34. Qa7 Qa8 35. Qe3 Qa6 36. Rc2 Qc6 37. Rcd2 b6 38. Kf2 Qc5 39. Ke2 Qxe3+ 40. Kxe3 Rb8 41. Nc7 Rxd2 42. Rxd2 Ke7 43. g4 Rb7 44. Nd5+ Ke6 45. h3 Bf8 46. Kf2 Bc5+ 47. Kg3 Rd7 48. h4 h5 49. g5 Bb4 50. Rd1 1/2-1/2

[Event "Moscow op-B (Women)"]
[Site "Moscow"]
[Date "2015.02.06"]
[Round "7"]
[White "Dyachkova, Maria"]
[Black "Chan, Naruna"]
[Result "1-0"]
[WhiteElo "1736"]
[BlackElo "1883"]
[PlyCount "23"]
[EventDate "2015.01.31"]
[EventType "swiss"]
[EventRounds "9"]
[EventCountry "RUS"]
[SourceTitle "CBM 164 Extra"]
[Source "ChessBase"]
[SourceDate "2015.03.02"]
[SourceVersion "1"]
[SourceVersionDate "2015.03.02"]
[SourceQuality "1"]

1. d4 f5 2. c4 Nf6 3. Nc3 g6 4. h4 Bg7 5. h5 Nxh5 6. e4 0-0 7. exf5 Qe8 8. Nd5 Na6 9. fxg6 hxg6 10. Bd3 Bxd4 11. Bxg6 Bxf2+ 12. Kd2 1-0

[Event "Moscow op-B (Women)"]
[Site "Moscow"]
[Date "2015.02.03"]
[Round "4"]
[White "Dyachkova, Maria"]
[Black "Komissarova, Oksana"]
[Result "0-1"]
[WhiteElo "1736"]
[BlackElo "1953"]
[PlyCount "108"]
[EventDate "2015.01.31"]
[EventType "swiss"]
[EventRounds "9"]
[EventCountry "RUS"]
[SourceTitle "CBM 164 Extra"]
[Source "ChessBase"]
[SourceDate "2015.03.02"]
[SourceVersion "1"]
[SourceVersionDate "2015.03.02"]
[SourceQuality "1"]

1. e4 e5 2. Nf3 Nc6 3. Bb5 a6 4. Ba4 Nf6 5. 0-0 Be7 6. c3 0-0 7. Re1 b5 8. Bc2 d6 9. h3 Bb7 10. a3 d5 11. d4 dxe4 12. Nxe5 Bd6 13. Nxc6 Bxc6 14. Bg5 Re8 15. Nd2 h6 16. Bxf6 Qxf6 17. Qg4 h5 18. Qxh5 Qf4 19. Nf1 Re6 20. Re3 Rf6 21. Qe2 Re8 22. Ng3 Rfe6 23. Re1 Bd5 24. Qg4 Qxg4 25. hxg4 Bf4 26. R3e2 e3 27. Nf5 exf2+ 28. Kxf2 Rxe2+ 29. Rxe2 Rxe2+ 30. Kxe2 Bxg2 31. Ne3 Bc6 32. b3 g6 33. Kf2 Kg7 34. c4 Kh6 35. Bd1 Kg5 36. Be2 Bd6 37. b4 Bf4 38. cxb5 axb5 39. Bf3 Bxf3 40. Kxf3 Bxe3 41. Kxe3 Kxg4 42. d5 f5 43. d6 cxd6 44. a4 f4+ 45. Kf2 bxa4 46. b5 a3 47. b6 a2 48. b7 a1Q 49. b8Q Qd4+ 50. Ke1 f3 51. Qc8+ Kg3 52. Qc2 Qe3+ 53. Kf1 Qe2+ 54. Qxe2 fxe2+ 0-1